00481 2200181 4500001002100000005001500021035002000036245004500056100001700101260004400118300003000162020002200192084001400214082000800228650001000236008004100246990001200287INLIS00000000000272820251007100823 a0010-09250000751 aMau Ke Mana Setelah SMA? /cWulan Ayodya aWulan Ayodya aJakarta :bEsensi Erlangga Group,c2013 a266 hlm ;c(14,5 x 21 cm) a978-602-7596-60-3 a600 WUL m a600 4aFiksi251007 0  a0754930